| 000 | 00675nam a22002057a 4500 | ||
|---|---|---|---|
| 005 | 20230911133954.0 | ||
| 008 | | mx |||| |||| 00| 0 spa|d | ||
| 020 | _a6987230800 | ||
| 050 | 0 | 4 |
_aF1219.3.S38 _bW55 1992 |
| 100 | 1 | _aWilliams, Eduardo | |
| 245 | 1 | 4 |
_aLas piedras sagradas _b : escultura prehispánica del Occidente de México _c / Eduardo Williams |
| 250 | _a1a ed. | ||
| 260 |
_aZamora, Mich. : _bEl Colegio de Michoacán, _c1992 |
||
| 300 |
_a330 p. : _bil. ; _c 28 cm. |
||
| 504 | _aIncluye referencias bibliográficas | ||
| 650 | 4 |
_aEscultura india _zMéxico |
|
| 650 | 4 | _aArqueología | |
| 651 | 4 |
_aMéxico _vAntigüedades |
|
| 942 |
_2lcc _cLIB |
||
| 999 |
_c114757 _d114757 |
||